000 00510nam a2200157 4500
008 020325s1975 mlp 0 engta
090 _aBV1534
_bJ32c
100 1 _aJavelera, Elizabeth R.
245 1 0 _aCreative methods of teaching /
_cElizabeth R. Javelera, compiler.
260 _aManila :
_bPACE,
_cc1975.
300 _a137 p.
504 _aBiblio. : p. 137
650 4 _aChristian education
_xTeaching methods.
650 4 _aTeaching.
951 _p6797
_x00007705
_oBV1534/J32c
_j070613111054468
_d2000-12-21
_cFIL
999 _c7072
_d7072